| 000 | 00592nam a22001817a 4500 | ||
|---|---|---|---|
| 999 |
_c190060 _d190060 |
||
| 005 | 20220718115025.0 | ||
| 010 | _aENG-133622 | ||
| 020 |
_a9789390961696 _c795.00 |
||
| 035 | _aEN-117154 | ||
| 037 | _bDBAD/PUB | ||
| 082 | _a964.12 | ||
| 100 | _aR.N.P Singh | ||
| 245 |
_aMaharaja Ranjit Singh: _bthe rise of the sikh empire and the military history of the punjab/ _cby R.N.P Singh |
||
| 260 |
_aNew Delhi _bVitasta Publishing _c2022 |
||
| 270 |
_a2/15,Ansari Road Daryaganj, _bNew Delhi _e110002 |
||
| 300 |
_axvi;372p.: _c23cm(Hb) _bill |
||
| 942 |
_2ddc _cEN _h954.12 _mRNP |
||